000
00306nam a22001337a 4500
008
170602b xxu||||| |||| 00| 0 eng d
020
_a
2900582505840
041
_a
eng
080
_a
93
100
_a
17
101
_a
SHH
245
_a
HISTORY ON FILM/ FILM ON HISTORY
_c
ROSENSTONE, R.A
942
_2
udc
_c
BK
999
_c
15533
_d
15533